Protective relaying in electric power systems / (Record no. 5436)
[ view plain ]
| 000 -LEADER | |
|---|---|
| fixed length control field | 00758nam a22002532 4500 |
| 001 - CONTROL NUMBER | |
| JCCL Control Number | 5436 |
| 003 - CONTROL NUMBER IDENTIFIER | |
| JCCL marc code | BD-JhCC |
| 005 - DATE AND TIME OF LATEST TRANSACTION | |
| control field | 20171214125506.0 |
| 008 - FIXED-LENGTH DATA ELEMENTS--GENERAL INFORMATION | |
| fixed length control field | 801110s1963 ru a 000 0 eng d |
| 035 ## - SYSTEM CONTROL NUMBER | |
| system control number | (BD-JhCC)5436 |
| 040 ## - CATALOGING SOURCE | |
| Original cataloging agency | WAU |
| Transcribing agency | WAU |
| Modifying agency | EQO |
| 041 1# - LANGUAGE CODE | |
| Language code of Book | engrus |
| 082 ## - DEWEY DECIMAL CLASSIFICATION NUMBER | |
| Classification number | 621.3178 |
| Author mark and Year | TIT |
| 090 ## - LOCALLY ASSIGNED LC-TYPE CALL NUMBER (OCLC); LOCAL CALL NUMBER (OCLC) | |
| Classification number (OCLC) (R) ; Classification number, CALL (RLIN) (NR) | TK2861 |
| Local cutter number (OCLC) ; Book number/undivided call number, CALL (RLIN) | .T58 |
| 100 1# - MAIN ENTRY--PERSONAL NAME | |
| Personal name | Titarenko, M. V. |
| Fuller form of name | (Mikhail Vasilʹevich) |
| 245 10 - TITLE STATEMENT | |
| Title | Protective relaying in electric power systems / |
| Statement of responsibility, etc | [by] M. Titarenko and I. Noskov-Dukelsky. |
| 260 ## - PUBLICATION, DISTRIBUTION, ETC. (IMPRINT) | |
| Place of publication, distribution, etc | Moscow : |
| Name of publisher, distributor, etc | Peace Publishers, |
| Date of publication, distribution, etc | [1963] |
| 300 ## - PHYSICAL DESCRIPTION | |
| Pagination | 370 p. |
| Other physical details | illus. |
| Dimensions | 22 cm. |
| 500 ## - GENERAL NOTE | |
| General note | Translated from the Russian. |
| 650 #0 - SUBJECT ADDED ENTRY--TOPICAL TERM | |
| Topical term or geographic name as entry element | Electric relays. |
| 650 #0 - SUBJECT ADDED ENTRY--TOPICAL TERM | |
| Topical term or geographic name as entry element | Electric power. |
| 700 1# - ADDED ENTRY--PERSONAL NAME | |
| Personal name | Noskov-Dukelʹskii, IgorʹAlekseevich. |
| 942 ## - ADDED ENTRY ELEMENTS (KOHA) | |
| Source of classification or shelving scheme | Dewey Decimal Classification |
| Koha item type | Books |
| Source of classification or shelving scheme | Damaged status | Not for loan | Home library | Current library | Shelving location | Date of accession | Total Checkouts | Full call number | Barcode | Date last seen | Copy number | Koha item type |
|---|---|---|---|---|---|---|---|---|---|---|---|---|
| Dewey Decimal Classification | JCC Rouf Library | JCC Rouf Library | General Stacks | 12/14/2017 | 621.3178 TIT 1963 | 7576 | 12/14/2017 | C-1 | Books |